| 000 | 00343nam a2200121Ia 4500 | ||
|---|---|---|---|
| 008 | 230907s9999||||xx |||||||||||||| ||und|| | ||
| 082 |
_a621.31 _bKUF |
||
| 100 |
_aKuffel, E. _9115520 |
||
| 245 | 0 | _aHigh voltage engineering : | |
| 260 |
_aButterworth-Heinemann, | Newness, _bOxford ; | Boston : _c2000 |
||
| 300 | _axiii, 539 p. : | ||
| 942 | _cBK | ||
| 999 |
_c598646 _d598646 |
||